| 000 | 01302nam a2200253Ia 4500 | ||
|---|---|---|---|
| 999 |
_c54625 _d54625 |
||
| 001 | 21692 | ||
| 003 | GE_BSU | ||
| 005 | 20250728144035.0 | ||
| 008 | 181216s2017||||ge |||||||||||||| ||geo|| | ||
| 020 | _a9789941248009 | ||
| 040 | _cGE_BSU | ||
| 041 | _ageo | ||
| 080 | _a27-36 თ-54 | ||
| 245 |
_a Ⴇვენი. [ტ.] 23, 11 აგვისტო - 20 აგვისტო (ახალი სტილით 24 აგვისტო - 2 სექტემბერი) / _cპროექტის ავტორი და რედაქტორი თამარ მამაცაშვილი ; შემდგენელი კახაბერ კენკიშვილი ; დიზაინერი რატი თორდია. |
||
| 264 |
_aთბილისი : _bპალიტრა L, _c2017. |
||
| 300 |
_a341 გვ. ; _c22 სმ. |
||
| 490 | _aჟურნალ ”კარიბჭის” ბიბლიოთეკა | ||
| 541 | _h6 ლ. | ||
| 653 | _aႧვენი. [ტ.] 23, 11 აგვისტო - 20 აგვისტო | ||
| 653 | _aრელიგია | ||
| 653 | _aმართლმადიდებლური ეკლესია | ||
| 653 | _aწმინდანთა ცხოვრება | ||
| 942 |
_cBK _2udc |
||